000 00506cam a2200157 4500500
005 20260329001400.0
041 _afre
042 _adc
100 1 0 _aCerf, Juliette
_eauthor
245 0 0 _aJackie Berroyer. Itinéraire d’un philosofils
260 _c2006.
500 _a22
690 _aBerroyer
786 0 _nPhilosophie magazine | 4 | 10-11 | 2006-11-01 | p. 59-60 | 1951-1787
856 4 1 _uhttps://shs.cairn.info/magazine-philosophie-magazine-2006-10-11-page-59?lang=fr&redirect-ssocas=7080
999 _c1804852
_d1804852